|
|
|
|
| LEADER |
00000nam0a2200000 4500 |
| 001 |
284438 |
| 005 |
20231101235708.0 |
| 035 |
|
|
|a (RuTPU)RU\TPU\book\308604
|
| 090 |
|
|
|a 284438
|
| 100 |
|
|
|a 20150214d1984 km y0rusy50 ca
|
| 101 |
0 |
|
|a rus
|
| 102 |
|
|
|a UA
|
| 105 |
|
|
|a y g 000zy
|
| 200 |
1 |
|
|a Расход материалов на специальные строительные работы
|e справочник
|f С. И. Днипровский, В. И. Лубяной, В. А. Прохоровский
|
| 210 |
|
|
|a Киев
|c Будiвельник
|d 1984
|
| 215 |
|
|
|a 608 с.
|
| 330 |
|
|
|a Справочник содержит комплексные производственные нормы расхода материалов на свайные работы, устройство защиты строительных конструкций и оборудования от коррозии и теплоизоляции поверхностей, прокладку наружных и внутренних трубопроводов, монтаж вентиляционных систем н систем кондиционирования воздуха. Для удобства пользования таблицы имеют ссылки из СНиП и ЕРЕР. Нормативные документы приведены по состоянию на 1 января 1984 г. Для инженерно-технических работников строительных и проектных организаций.
|
| 606 |
1 |
|
|a Строительные организации
|x Режим экономии
|2 stltpush
|3 (RuTPU)RU\TPU\subj\57666
|9 75524
|
| 610 |
1 |
|
|a свайные работы
|
| 610 |
1 |
|
|a строительные конструкции
|
| 610 |
1 |
|
|a защита от коррозии
|
| 610 |
1 |
|
|a строительное оборудование
|
| 610 |
1 |
|
|a внутренние трубопроводы
|
| 610 |
1 |
|
|a воздух
|
| 610 |
1 |
|
|a вентиляция
|
| 610 |
1 |
|
|a кондиционирование
|
| 610 |
1 |
|
|a водоснабжение
|
| 610 |
1 |
|
|a канализация
|
| 610 |
1 |
|
|a теплоснабжение
|
| 610 |
1 |
|
|a газонефтепродукты
|
| 610 |
1 |
|
|a магистральные трубопроводы
|
| 610 |
1 |
|
|a теплоизоляционные работы
|
| 610 |
1 |
|
|a справочники
|
| 675 |
|
|
|a 69.004.18(035)
|v 4
|
| 700 |
|
1 |
|a Днипровский
|b С. И.
|g Семен Иванович
|
| 701 |
|
1 |
|a Лубяной
|b В. И.
|g Владимир Иванович
|
| 701 |
|
1 |
|a Прохоровский
|b В. А.
|
| 801 |
|
1 |
|a RU
|b 63413507
|c 20150214
|
| 801 |
|
2 |
|a RU
|b 63413507
|c 20180716
|g RCR
|
| 942 |
|
|
|c BK
|